|
|
|
|
| LEADER |
02054nam a2200361 a 4500 |
| 001 |
1479047 |
| 008 |
090716r20051989nyu b 000 0 eng d |
| 010 |
|
|
|a 87032084
|
| 020 |
|
|
|a 0393952452
|
| 040 |
|
|
|a DLC
|c DLC
|d DLC
|
| 082 |
0 |
0 |
|a 821/.1
|2 19
|
| 100 |
1 |
|
|a Chaucer, Geoffrey,
|d d. 1400.
|
| 240 |
1 |
0 |
|a Canterbury tales.
|k Selections.
|f 1989
|
| 245 |
1 |
4 |
|a The Canterbury tales :
|b nine tales and the general prologue : authoritative text, sources and backgrounds, criticism /
|c selected and edited by V.A. Kolve, Glending Olson.
|
| 250 |
|
|
|a 1st ed.
|
| 260 |
|
|
|a New York :
|b Norton,
|c c1989[reprinted 2005].
|
| 300 |
|
|
|a xvii, 555 p. ;
|c 22 cm.
|
| 490 |
0 |
|
|a A Norton critical edition
|
| 504 |
|
|
|a Includes bibliographical references (p. [547]-552).
|
| 541 |
1 |
|
|e 00013510
|
| 650 |
|
0 |
|a Christian pilgrims and pilgrimages
|z England
|z Canterbury
|x Poetry.
|
| 650 |
|
0 |
|a Christian pilgrims and pilgrimages in literature.
|
| 650 |
|
0 |
|a Tales, Medieval
|x History and criticism.
|
| 600 |
1 |
0 |
|a Chaucer, Geoffrey,
|d d. 1400.
|t Canterbury tales.
|
| 700 |
1 |
|
|a Kolve, V. A.
|
| 700 |
1 |
|
|a Olson, Glending.
|
| 852 |
4 |
|
|a Ayesha Abed Library
|j General Shelf.
|
| 999 |
|
|
|c 2603
|d 2603
|
| 952 |
|
|
|0 0
|1 0
|2 ddc
|4 0
|6 821_100000000000000_CHA
|7 0
|9 2372
|a BRACUL
|b BRACUL
|c GEN
|d 2009-07-21
|g 337.00
|l 11
|m 51
|o 821.1 CHA
|p 3010013510
|r 2025-06-30
|s 2025-06-17
|t 1
|w 2009-07-21
|y BK
|
| 952 |
|
|
|0 0
|1 0
|2 ddc
|4 0
|6 821_100000000000000_CHA
|7 0
|9 12759
|a BRACUL
|b BRACUL
|c GEN
|d 2010-10-26
|g 337.00
|l 11
|m 94
|o 821.1 CHA
|p 3010013509
|r 2025-08-13
|s 2025-06-17
|t 2
|w 2010-10-26
|y BK
|
| 952 |
|
|
|0 0
|1 0
|2 ddc
|4 0
|6 821_100000000000000_CHA
|7 0
|9 12760
|a BRACUL
|b BRACUL
|c GEN
|d 2010-10-26
|g 337.00
|l 12
|m 55
|o 821.1 CHA
|p 3010013511
|r 2025-06-24
|s 2025-06-18
|t 3
|w 2010-10-26
|y BK
|
| 952 |
|
|
|0 0
|1 0
|2 ddc
|4 0
|6 821_100000000000000_CHA
|7 0
|9 12761
|a BRACUL
|b BRACUL
|c GEN
|d 2010-10-26
|g 337.00
|l 11
|m 30
|o 821.1 CHA
|p 3010013512
|r 2025-06-30
|s 2025-06-17
|t 4
|w 2010-10-26
|y BK
|
| 952 |
|
|
|0 0
|1 0
|2 ddc
|4 0
|6 821_100000000000000_CHA
|7 0
|9 12762
|a BRACUL
|b BRACUL
|c GEN
|d 2010-10-26
|g 302.00
|l 12
|m 63
|o 821.1 CHA
|p 3010012051
|r 2025-06-24
|s 2025-06-17
|w 2010-10-26
|y BK
|